[Event "Russian Championship (rapid) 2015"]
[Site "St Petersburg RUS"]
[Date "2015.05.13"]
[Round "1"]
[White "Tregubov, Pavel V"]
[Black "Matlakov, Maxim"]
[Result "0-1"]
[WhiteElo "2571"]
[BlackElo "2694"]
[PlyCount "112"]
[EventDate "2015.05.13"]

1. d4 d5 2. c4 c6 3. cxd5 cxd5 4. Bf4 Nc6 5. e3 Nf6 6. Nc3 Bg4 7. Qb3 Na5 8.
Qa4+ Bd7 9. Qc2 e6 10. Bd3 Bb4 11. Nf3 Nh5 12. Bg5 f6 13. Bxh7 fxg5 14. Qg6+
Kf8 15. Qxh5 Be8 16. Qg4 Rxh7 17. Nxg5 Rh6 18. Nxe6+ Rxe6 19. Qxe6 Nc4 20. O-O
Bf7 21. Qh3 Nxb2 22. Ne2 Nc4 23. Qh8+ Bg8 24. Nf4 Qd6 25. Rfb1 a5 26. Rb3 Ra6
27. h4 Qd7 28. Qh5 Bf7 29. Qh8+ Bg8 30. Qh5 Rh6 31. Ng6+ Ke8 32. Qg5 Bf7 33.
Ne5 Nxe5 34. Qxe5+ Kf8 35. Qb8+ Be8 36. g3 b5 37. Rc1 Bd6 38. Qc8 b4 39. Rb2
Rf6 40. Rbc2 a4 41. Rc6 Qf7 42. Rxd6 Rxd6 43. Qc5 Qe7 44. Qxb4 Rc6 45. Rc5 Rxc5
46. dxc5 Qe4 47. Qb6 d4 48. Qd6+ Kg8 49. exd4 Bc6 50. Kf1 Bb5+ 51. Kg1 Bc6 52.
Kf1 Qd3+ 53. Ke1 Qc3+ 54. Kf1 Qd3+ 55. Ke1 Bf3 56. Qe6+ Kh7 0-1

[Event "Russian Championship (rapid) 2015"]
[Site "St Petersburg RUS"]
[Date "2015.05.13"]
[Round "2"]
[White "Matlakov, Maxim"]
[Black "Popov, Ivan RUS"]
[Result "1-0"]
[WhiteElo "2694"]
[BlackElo "2648"]
[PlyCount "57"]
[EventDate "2015.05.13"]

1. Nf3 d5 2. d4 c6 3. c4 Nf6 4. e3 Bf5 5. Nc3 a6 6. Qb3 b5 7. c5 a5 8. Ne5 a4
9. Qd1 g6 10. g4 Be6 11. Bg2 Bg7 12. f4 Qc8 13. h3 h5 14. g5 Nfd7 15. Nf3 Bf5
16. Nh4 e6 17. O-O Na6 18. e4 dxe4 19. Nxe4 Bxe4 20. Bxe4 a3 21. Rb1 O-O 22. f5
exf5 23. Nxf5 gxf5 24. Bxf5 Re8 25. Qxh5 Re7 26. Qh7+ Kf8 27. g6 Nf6 28. Bh6
Nxh7 29. gxh7 1-0

[Event "Russian Championship (rapid) 2015"]
[Site "St Petersburg RUS"]
[Date "2015.05.13"]
[Round "4"]
[White "Matlakov, Maxim"]
[Black "Ponkratov, Pavel"]
[Result "0-1"]
[WhiteElo "2694"]
[BlackElo "2610"]
[PlyCount "197"]
[EventDate "2015.05.13"]

1. d4 Nf6 2. c4 c5 3. Nf3 cxd4 4. Nxd4 e6 5. Nc3 Nc6 6. a3 Be7 7. e4 O-O 8. Nf3
b6 9. Be2 Bb7 10. O-O Qc7 11. Bg5 h6 12. Bh4 Rad8 13. Rc1 Qb8 14. Bg3 d6 15. h3
Qa8 16. Qc2 Ne5 17. Nd2 Ned7 18. Rfe1 Rc8 19. Rcd1 a6 20. Bf1 Rfd8 21. Qb1 Ne5
22. Na4 Nfd7 23. b4 b5 24. Nb2 Bc6 25. Rc1 Nf6 26. Rc3 Nxc4 27. Nbxc4 bxc4 28.
Rxc4 d5 29. exd5 Nxd5 30. Nf3 Nb6 31. Rc3 Na4 32. Rce3 a5 33. Ne5 Bd5 34. Bf4
Nc3 35. Qb2 axb4 36. axb4 Qa2 37. Qxa2 Bxa2 38. Rg3 g5 39. b5 Bd5 40. Nc6 Bxc6
41. bxc6 Nd5 42. Be5 Rxc6 43. h4 f6 44. Ba1 Bb4 45. Rd1 Rdc8 46. hxg5 hxg5 47.
Bd4 Bc3 48. Rgd3 Bxd4 49. Rxd4 Rc1 50. g3 Rxd1 51. Rxd1 f5 52. Rd2 Kf7 53. Kg2
Kf6 54. Be2 Ne7 55. Ra2 Ng6 56. Bf3 Ne5 57. Rd2 Rc3 58. Be2 f4 59. gxf4 gxf4
60. f3 Ng6 61. Kf2 Ne7 62. Ra2 Nf5 63. Rd2 e5 64. Bd3 Nd4 65. Be4 Ra3 66. Rb2
Kg5 67. Kg2 Ra7 68. Kf2 Kh4 69. Bd5 Ra5 70. Be4 Ne6 71. Kg2 Kg5 72. Kf2 Nc5 73.
Bb1 Ra3 74. Rb5 Rc3 75. Ke2 Kh4 76. Rb8 Rb3 77. Rh8+ Kg5 78. Bc2 Rb2 79. Kd2
Ra2 80. Rg8+ Kf6 81. Rg6+ Kf7 82. Rc6 Nb3+ 83. Ke1 Nd4 84. Rc7+ Ke6 85. Be4 Kd6
86. Rc8 Rb2 87. Kf1 Ne6 88. Rc6+ Kd7 89. Bd5 Nd4 90. Ra6 Ne2 91. Rg6 Nc3 92.
Bc4 Rb4 93. Bd3 Rd4 94. Bc2 Rd6 95. Rg5 Rd2 96. Bb3 Kd6 97. Rg8 Kc5 98. Re8 Kd4
99. Bf7 0-1

[Event "Russian Championship (rapid) 2015"]
[Site "St Petersburg RUS"]
[Date "2015.05.13"]
[Round "5"]
[White "Rozum, Ivan"]
[Black "Matlakov, Maxim"]
[Result "1-0"]
[WhiteElo "2539"]
[BlackElo "2694"]
[PlyCount "95"]
[EventDate "2015.05.13"]

1. Nf3 d5 2. g3 g6 3. Bg2 Bg7 4. d4 Nf6 5. O-O O-O 6. c4 c6 7. b3 dxc4 8. bxc4
c5 9. Bb2 Ne4 10. Nbd2 Nxd2 11. Qxd2 cxd4 12. Nxd4 Nc6 13. Rfd1 Nxd4 14. Bxd4
Bxd4 15. Qxd4 Qxd4 16. Rxd4 Rb8 17. c5 Be6 18. Ra4 Rfc8 19. Rxa7 Rxc5 20. Rxb7
Ra8 21. f4 Rxa2 22. Rxa2 Bxa2 23. Rxe7 Bd5 24. Bf1 Rc4 25. Kf2 h5 26. Rd7 Be6
27. Rd2 h4 28. Bg2 hxg3+ 29. hxg3 Rc5 30. Bf3 g5 31. e4 gxf4 32. gxf4 Kg7 33.
Kg3 Kf6 34. Rd6 Rc3 35. Rb6 Kg7 36. f5 Bc8 37. Kf4 f6 38. Rb2 Kf8 39. Rh2 Rc7
40. Rh6 Ke7 41. Bd1 Ba6 42. Bb3 Bb5 43. Bd5 Be8 44. e5 fxe5+ 45. Kxe5 Rc1 46.
f6+ Kd7 47. Rh7+ Kd8 48. Rh8 1-0

[Event "Russian Championship (rapid) 2015"]
[Site "St Petersburg RUS"]
[Date "2015.05.14"]
[Round "9"]
[White "Matlakov, Maxim"]
[Black "Pridorozhni, Aleksei"]
[Result "1-0"]
[WhiteElo "2694"]
[BlackElo "2556"]
[PlyCount "101"]
[EventDate "2015.05.13"]

1. d4 e6 2. Nf3 b6 3. e4 Bb7 4. Bd3 d5 5. e5 Qd7 6. Qe2 c5 7. c3 Ne7 8. O-O
Nec6 9. Be3 cxd4 10. cxd4 Nb4 11. Bb5 Bc6 12. Nc3 Bxb5 13. Nxb5 a6 14. Nc3 Be7
15. Ng5 Bxg5 16. Bxg5 N4c6 17. Rad1 h6 18. Bh4 g5 19. Bg3 Ne7 20. f3 Nbc6 21.
Qd3 Nb4 22. Qe2 Nbc6 23. Bf2 h5 24. Rc1 Rg8 25. Qd3 g4 26. fxg4 Rxg4 27. Qh7
O-O-O 28. h3 Rg6 29. Ne2 Rdg8 30. Nf4 R6g7 31. Qxh5 Kb7 32. Rc3 Nf5 33. Qd1 Na7
34. g4 Nb5 35. Rd3 Rh7 36. Kh2 Ng7 37. a4 Na7 38. a5 bxa5 39. Rb3+ Nb5 40. Nd3
Kb6 41. Nc5 Qc6 42. Qd2 Ne8 43. Ra1 Nec7 44. Qxa5+ Ka7 45. Nxa6 Qxa6 46. Rxb5
Qxa5 47. Raxa5+ Na6 48. Rb3 Rc8 49. Rba3 Rc6 50. b4 Kb7 51. b5 1-0

[Event "Russian Championship (rapid) 2015"]
[Site "St Petersburg RUS"]
[Date "2015.05.14"]
[Round "10"]
[White "Grigoriants, Sergey"]
[Black "Matlakov, Maxim"]
[Result "1/2-1/2"]
[WhiteElo "2594"]
[BlackElo "2694"]
[PlyCount "67"]
[EventDate "2015.05.13"]

1. Nf3 d5 2. d4 Nf6 3. c4 c6 4. Nc3 dxc4 5. a4 Bf5 6. Ne5 Nbd7 7. Nxc4 Qc7 8.
g3 e5 9. dxe5 Nxe5 10. Bf4 Nfd7 11. Bg2 f6 12. Qc1 O-O-O 13. Nxe5 Nxe5 14. O-O
g5 15. Be3 a5 16. Ne4 Bxe4 17. Bxe4 h5 18. Rd1 Bb4 19. Qc2 Kb8 20. Rxd8+ Qxd8
21. Rd1 Qe7 22. Bf5 h4 23. Qe4 hxg3 24. hxg3 Bc5 25. Bd4 Bxd4 26. Qxd4 Kc7 27.
Kg2 Rd8 28. Qxd8+ Qxd8 29. Rxd8 Kxd8 30. b3 b5 31. f4 gxf4 32. gxf4 Nf7 33.
axb5 cxb5 34. Bd3 1/2-1/2

[Event "Russian Championship (rapid) 2015"]
[Site "St Petersburg RUS"]
[Date "2015.05.14"]
[Round "11"]
[White "Matlakov, Maxim"]
[Black "Belous, Vladimir"]
[Result "1-0"]
[WhiteElo "2694"]
[BlackElo "2561"]
[PlyCount "61"]
[EventDate "2015.05.13"]

1. Nf3 c5 2. c4 Nc6 3. Nc3 e5 4. e3 Nf6 5. d4 e4 6. Ne5 Qc7 7. Ng4 Ng8 8. d5
Nd8 9. f3 exf3 10. gxf3 d6 11. Nf2 f5 12. e4 Nf6 13. Bd3 fxe4 14. Nfxe4 Be7 15.
Rg1 Nxe4 16. Nxe4 O-O 17. Bh6 Rf7 18. Qe2 Bf5 19. O-O-O Bg6 20. Bd2 a6 21. f4
b5 22. Rxg6 bxc4 23. Rg4 cxd3 24. Qxd3 Qd7 25. Rdg1 Qf5 26. Bc3 Bf8 27. Qf3 h6
28. Ng3 Qc8 29. f5 Raa7 30. f6 Kh8 31. Nf5 1-0

[Event "4th FIDE Grand Prix Series 2014/15"]
[Site "Khanty-Mansiysk RUS"]
[Date "2015.05.14"]
[Round "1"]
[White "Vachier-Lagrave, Maxime"]
[Black "Gelfand, Boris"]
[Result "1/2-1/2"]
[WhiteElo "2754"]
[BlackElo "2744"]
[PlyCount "65"]
[EventDate "2015.05.14"]

1. e4 c5 2. Nf3 Nc6 3. Bb5 e6 4. O-O Nge7 5. d4 cxd4 6. Nxd4 Ng6 7. Be3 Be7 8.
Be2 O-O 9. Nc3 a6 10. a4 Qc7 11. Nb3 b6 12. f4 Bb7 13. Qd2 Rad8 14. Bd3 d5 15.
exd5 exd5 16. f5 Nge5 17. f6 Bxf6 18. Rxf6 d4 19. Rxc6 Nxc6 20. Nxd4 Nxd4 21.
Bxd4 Rxd4 22. Bxh7+ Kxh7 23. Qxd4 Re8 24. Rd1 Re6 25. Rd3 Rg6 26. Rg3 Rxg3 27.
Qh4+ Kg8 28. hxg3 Qc6 29. Qd8+ Kh7 30. Qh4+ Kg8 31. Qd8+ Kh7 32. Qd3+ Kg8 33.
Qd8+ 1/2-1/2

[Event "4th FIDE Grand Prix Series 2014/15"]
[Site "Khanty-Mansiysk RUS"]
[Date "2015.05.14"]
[Round "1"]
[White "Jobava, Baadur"]
[Black "Tomashevsky, Evgeny"]
[Result "0-1"]
[WhiteElo "2699"]
[BlackElo "2749"]
[PlyCount "78"]
[EventDate "2015.05.14"]

1. d4 d5 2. c4 c6 3. Nc3 Nf6 4. Nf3 a6 5. e3 e6 6. b3 c5 7. Bb2 cxd4 8. exd4
Be7 9. Bd3 Nc6 10. O-O O-O 11. Rc1 Bd7 12. Re1 Re8 13. c5 Qc7 14. a3 Bf8 15. b4
Rad8 16. h3 g6 17. Rb1 Bg7 18. b5 Na5 19. a4 Bc8 20. Bc1 h6 21. Qc2 Nc4 22.
Bxc4 dxc4 23. Rb4 e5 24. b6 Qb8 25. Rxe5 Rxe5 26. dxe5 Bf5 27. Qe2 Bd3 28. Qe3
Nd7 29. Nd5 Nxe5 30. Ne7+ Kh7 31. c6 Nxf3+ 32. gxf3 Qd6 33. Ba3 bxc6 34. b7 Rb8
35. Nc8 Qd7 36. Qe7 Qxh3 37. Qxf7 Qf1+ 38. Kh2 Qxf2+ 39. Kh1 Be2 0-1

[Event "4th FIDE Grand Prix Series 2014/15"]
[Site "Khanty-Mansiysk RUS"]
[Date "2015.05.14"]
[Round "1"]
[White "Grischuk, Alexander"]
[Black "Svidler, Peter"]
[Result "1/2-1/2"]
[WhiteElo "2780"]
[BlackElo "2734"]
[PlyCount "61"]
[EventDate "2015.05.14"]

1. d4 d5 2. c4 dxc4 3. Nf3 a6 4. e3 b5 5. a4 Bb7 6. b3 e6 7. bxc4 bxc4 8. Bxc4
Nf6 9. O-O Nbd7 10. Nbd2 Be7 11. Rb1 Rb8 12. Qe2 O-O 13. Bxa6 Bxa6 14. Qxa6
Rxb1 15. Nxb1 Qa8 16. Qxa8 Rxa8 17. Ba3 Bxa3 18. Nxa3 Rxa4 19. Nb1 c5 20. dxc5
Nxc5 21. Nc3 Ra3 22. Nb1 Ra1 23. Nbd2 Rxf1+ 24. Kxf1 Kf8 25. Ne5 Nfd7 26. Nxd7+
Nxd7 27. Ke2 Ke7 28. Ne4 h6 29. h3 Nf6 30. Nd2 Nd7 31. Ne4 1/2-1/2

[Event "4th FIDE Grand Prix Series 2014/15"]
[Site "Khanty-Mansiysk RUS"]
[Date "2015.05.14"]
[Round "1"]
[White "Caruana, Fabiano"]
[Black "Dominguez Perez, Leinier"]
[Result "1/2-1/2"]
[WhiteElo "2803"]
[BlackElo "2734"]
[PlyCount "80"]
[EventDate "2015.05.14"]

1. e4 e5 2. Nf3 Nc6 3. Bb5 Nf6 4. O-O Nxe4 5. d4 Nd6 6. Bxc6 dxc6 7. dxe5 Nf5
8. Qxd8+ Kxd8 9. h3 h6 10. Rd1+ Ke8 11. Nc3 Ne7 12. Bf4 Ng6 13. Bh2 Be7 14. Nd4
Nf8 15. Rd3 h5 16. Re1 Ne6 17. Nce2 c5 18. Nf5 h4 19. c4 b6 20. Red1 Rh5 21.
Ne3 Bb7 22. Nd5 Bg5 23. f3 Rd8 24. Kf2 Bc6 25. Nef4 Bxf4 26. Nxf4 Rxd3 27. Rxd3
Rf5 28. Nxe6 fxe6 29. Ke1 a5 30. Re3 Kf7 31. Kd2 Kg6 32. Kc3 Rf7 33. Rd3 Rd7
34. Rxd7 Bxd7 35. Bg1 Kh5 36. Be3 Be8 37. b3 Bg6 38. a4 Bf5 39. Bd2 Bg6 40. Be3
Bf5 1/2-1/2

[Event "4th FIDE Grand Prix Series 2014/15"]
[Site "Khanty-Mansiysk RUS"]
[Date "2015.05.14"]
[Round "1"]
[White "Jakovenko, Dmitry"]
[Black "Giri, Anish"]
[Result "1-0"]
[WhiteElo "2738"]
[BlackElo "2776"]
[PlyCount "121"]
[EventDate "2015.05.14"]

1. Nf3 d5 2. d4 Nf6 3. c4 e6 4. Nc3 Bb4 5. Qa4+ Nc6 6. Ne5 Bd7 7. Nxd7 Qxd7 8.
e3 O-O 9. a3 Bxc3+ 10. bxc3 e5 11. Be2 Rfe8 12. Bb2 dxc4 13. Qxc4 Na5 14. Qb4
b6 15. dxe5 Nc6 16. Qf4 Nxe5 17. Rd1 Qc6 18. O-O Ne4 19. c4 Nxc4 20. Rc1 b5 21.
Bxc4 bxc4 22. f3 Nf6 23. Rxc4 Qe6 24. Bxf6 Qxf6 25. Qxf6 gxf6 26. Kf2 Rab8 27.
Rfc1 Rb3 28. R1c3 Reb8 29. Rxc7 a5 30. g4 a4 31. Ke2 h5 32. gxh5 Rb2+ 33. Kd3
Rd8+ 34. Ke4 Rxh2 35. Rc8 Rxc8 36. Rxc8+ Kg7 37. Ra8 Rxh5 38. Rxa4 f5+ 39. Kd3
Rh1 40. Rc4 Kf6 41. f4 Ke6 42. Rc6+ Ke7 43. Kc2 Re1 44. Rc3 Kd6 45. a4 Ra1 46.
Kb3 Rb1+ 47. Ka2 Rb8 48. Ka3 Ra8 49. Rb3 Re8 50. Rc3 Ra8 51. Kb4 Rb8+ 52. Kc4
Rc8+ 53. Kd4 Ra8 54. Ra3 Ra5 55. Kc4 Kc6 56. Kb4 Rd5 57. Rc3+ Kb6 58. Rc8 Rd3
59. a5+ Kb7 60. Rc3 Rd1 61. Rc5 1-0

[Event "4th FIDE Grand Prix Series 2014/15"]
[Site "Khanty-Mansiysk RUS"]
[Date "2015.05.15"]
[Round "2"]
[White "Svidler, P."]
[Black "Caruana, F."]
[Result "1/2-1/2"]
[WhiteElo "2734"]
[BlackElo "2803"]
[PlyCount "69"]
[EventDate "2015.05.13"]

1. d4 Nf6 2. c4 e6 3. Nf3 d5 4. Nc3 Be7 5. Bg5 h6 6. Bh4 O-O 7. e3 Ne4 8. Bxe7
Qxe7 9. cxd5 Nxc3 10. bxc3 exd5 11. c4 Be6 12. Rc1 Nd7 13. Qb3 c6 14. Be2 Nb6
15. cxd5 Bxd5 16. Qb2 Na4 17. Qd2 b5 18. Ne5 Rac8 19. O-O b4 20. Ba6 Rc7 21.
Nd3 Rb8 22. Nc5 Nxc5 23. Rxc5 Qg5 24. g3 Qg4 25. Bc4 Bf3 26. Rc1 Rcb7 27. Qd3
g6 28. Bb3 Be4 29. Qd1 Qd7 30. f3 Bd5 31. e4 Bxb3 32. axb3 Rb6 33. Qd3 Rd8 34.
d5 cxd5 35. Rxd5 1/2-1/2

[Event "4th FIDE Grand Prix Series 2014/15"]
[Site "Khanty-Mansiysk RUS"]
[Date "2015.05.15"]
[Round "2"]
[White "Vachier Lagrave, M."]
[Black "Jobava, Ba"]
[Result "1/2-1/2"]
[WhiteElo "2754"]
[BlackElo "2699"]
[PlyCount "135"]
[EventDate "2015.05.13"]

1. e4 c6 2. d4 d5 3. e5 Bf5 4. Nf3 e6 5. Be2 f6 6. O-O fxe5 7. dxe5 Bc5 8. Nbd2
Ne7 9. Nb3 Bb6 10. Nfd4 O-O 11. c4 Nd7 12. g4 Bxd4 13. Nxd4 c5 14. Nb5 Bg6 15.
f4 Nb6 16. b3 Be8 17. Nd6 Bc6 18. Be3 d4 19. Bd2 Nbc8 20. Nxc8 Qxc8 21. Bd3 Be8
22. Be4 a5 23. a4 Ra7 24. Qe1 b6 25. Qg3 Bg6 26. Bg2 Be8 27. Be4 Bg6 28. Bg2
Bc2 29. Rae1 Qe8 30. f5 exf5 31. e6 h6 32. h3 Kh7 33. Rf2 fxg4 34. Rxf8 Qxf8
35. hxg4 Qd8 36. Rf1 Bg6 37. Qe5 Qc7 38. Bf4 Qxe5 39. Bxe5 Ng8 40. Bd6 Nf6 41.
Bc6 Nxg4 42. e7 Nf6 43. Rf4 d3 44. Kf2 Ne8 45. Bxe8 Bxe8 46. Rf8 d2 47. Ke2 Rd7
48. Rxe8 d1=Q+ 49. Kxd1 Rxd6+ 50. Ke2 Re6+ 51. Kf3 g5 52. Rb8 Rxe7 53. Rxb6 h5
54. Rc6 Rf7+ 55. Kg2 h4 56. Rxc5 Kg6 57. Rxa5 g4 58. Ra8 Rf3 59. Rg8+ Kf5 60.
Rf8+ Ke4 61. Re8+ Kf4 62. Rf8+ Ke3 63. Re8+ Kd2 64. Rg8 h3+ 65. Kh2 Rf2+ 66.
Kh1 Rf1+ 67. Kh2 Rf2+ 68. Kh1 1/2-1/2

[Event "4th FIDE Grand Prix Series 2014/15"]
[Site "Khanty-Mansiysk RUS"]
[Date "2015.05.15"]
[Round "2"]
[White "Dominguez Perez, L."]
[Black "Jakovenko, D."]
[Result "1-0"]
[WhiteElo "2734"]
[BlackElo "2738"]
[PlyCount "71"]
[EventDate "2015.05.13"]

1. d4 Nf6 2. c4 e6 3. Nf3 d5 4. Nc3 c6 5. g3 dxc4 6. Bg2 Nbd7 7. a4 Bb4 8. O-O
O-O 9. Qc2 Qe7 10. a5 e5 11. Rd1 a6 12. d5 Nc5 13. Be3 Nb3 14. Ra4 c5 15. d6
Qe8 16. Rxb4 cxb4 17. Nd5 Nxd5 18. Rxd5 Nd4 19. Bxd4 exd4 20. Rxd4 b3 21. Qxc4
Be6 22. Qd3 Qc6 23. Qd2 Rac8 24. Ne1 Qc1 25. f4 Qb1 26. Kf2 Rc2 27. Qb4 Re8 28.
Be4 Bg4 29. Nxc2 bxc2 30. Qa4 Kf8 31. d7 Bxd7 32. Rxd7 c1=Q 33. Qa3+ Kg8 34.
Bxb1 g6 35. Qb3 Qc5+ 36. e3 1-0

[Event "4th FIDE Grand Prix Series 2014/15"]
[Site "Khanty-Mansiysk RUS"]
[Date "2015.05.15"]
[Round "2"]
[White "Tomashevsky, E."]
[Black "Grischuk, A."]
[Result "1/2-1/2"]
[WhiteElo "2749"]
[BlackElo "2780"]
[PlyCount "147"]
[EventDate "2015.05.13"]

1. d4 Nf6 2. c4 g6 3. Nc3 Bg7 4. e4 d6 5. Nf3 O-O 6. h3 e5 7. d5 Nh5 8. g3 Qe7
9. Nh2 Na6 10. Be3 Nc5 11. h4 a5 12. Be2 Nf6 13. Qc2 c6 14. g4 Na6 15. g5 Ne8
16. h5 Nb4 17. Qd2 cxd5 18. cxd5 Bd7 19. O-O-O f5 20. Kb1 b5 21. hxg6 hxg6 22.
f3 Nc7 23. Rc1 Nba6 24. Bd3 b4 25. Ne2 Nb5 26. Rc6 Rfb8 27. Rhc1 f4 28. Bf2 Bf8
29. Ng4 Qxg5 30. Rh1 Qe7 31. Bxb5 Rxb5 32. Nxf4 Bxg4 33. Nxg6 Qf6 34. Nxf8 Rxf8
35. Rg1 Qxf3 36. Qg5+ Kf7 37. Rxg4 Ke8 38. Qg6+ Qf7 39. Qxf7+ Rxf7 40. Be3 Nc5
41. Rg8+ Kd7 42. Ra8 Rb7 43. Bxc5 dxc5 44. Rxc5 Rf1+ 45. Rc1 Rxc1+ 46. Kxc1 b3
47. a3 Rc7+ 48. Kd2 Rc2+ 49. Kd3 Rxb2 50. Rxa5 Rh2 51. Rb5 Rh3+ 52. Kd2 Kd6 53.
a4 Rh2+ 54. Kc3 Rh3+ 55. Kd2 Rh2+ 56. Kc3 Rh3+ 57. Kc4 Re3 58. Rb6+ Kc7 59.
Rxb3 Rxe4+ 60. Kc5 Rxa4 61. d6+ Kd7 62. Rb7+ Ke6 63. Re7+ Kf5 64. d7 Rd4 65.
Kc6 e4 66. Re8 Kf4 67. d8=Q Rxd8 68. Rxd8 e3 69. Kd5 e2 70. Re8 Kf3 71. Kd4 Kf2
72. Kd3 e1=Q 73. Rxe1 Kxe1 74. Kd4 1/2-1/2

[Event "4th FIDE Grand Prix Series 2014/15"]
[Site "Khanty-Mansiysk RUS"]
[Date "2015.05.15"]
[Round "2"]
[White "Giri, A."]
[Black "Karjakin, Sergey"]
[Result "1/2-1/2"]
[WhiteElo "2776"]
[BlackElo "2753"]
[PlyCount "61"]
[EventDate "2015.05.13"]

1. Nf3 Nf6 2. g3 c5 3. Bg2 Nc6 4. O-O e5 5. e4 Be7 6. Nc3 d6 7. d3 O-O 8. h3
Rb8 9. Nh2 Bd7 10. Ng4 Qc8 11. Nxf6+ Bxf6 12. Kh2 Be6 13. f4 exf4 14. gxf4 Bxc3
15. bxc3 f5 16. Be3 Qc7 17. Qd2 fxe4 18. dxe4 Na5 19. Bf2 Nc4 20. Qc1 Bd7 21.
f5 Bc6 22. Bh4 Rbe8 23. Qf4 Qa5 24. f6 Rf7 25. Qg3 Nd2 26. Rf4 Nxe4 27. Bxe4
Rxe4 28. Rxe4 Bxe4 29. Re1 Bc6 30. Qxd6 Qc7 31. Qxc7 1/2-1/2

[Event "Russian Championship (blitz) 2015"]
[Site "St Petersburg RUS"]
[Date "2015.05.15"]
[Round "1"]
[White "Malakhov, Vladimir"]
[Black "Paravyan, David"]
[Result "1-0"]
[WhiteElo "2702"]
[BlackElo "2469"]
[PlyCount "55"]
[EventDate "2015.05.15"]

1. Nf3 Nf6 2. g3 g6 3. b3 Bg7 4. Bb2 O-O 5. Bg2 d5 6. c4 c6 7. O-O Nbd7 8. d4
b6 9. Nbd2 Bb7 10. e3 e6 11. Qe2 Rc8 12. Rac1 Re8 13. Rfd1 Qc7 14. Ne5 Qb8 15.
f4 c5 16. cxd5 exd5 17. dxc5 Nxc5 18. Bd4 Ne6 19. Bb2 Rxc1 20. Rxc1 Rc8 21. Qd1
Ne4 22. Nxe4 dxe4 23. Bf1 Rxc1 24. Qxc1 Qd6 25. Bc4 Qc5 26. Qd2 Bf8 27. Nd7 Qd6
28. Nf6+ 1-0

[Event "Russian Championship (blitz) 2015"]
[Site "St Petersburg RUS"]
[Date "2015.05.15"]
[Round "2"]
[White "Popov, Ivan RUS"]
[Black "Malakhov, Vladimir"]
[Result "1/2-1/2"]
[WhiteElo "2648"]
[BlackElo "2702"]
[PlyCount "60"]
[EventDate "2015.05.15"]

1. e4 e5 2. Nf3 Nc6 3. d4 exd4 4. Bc4 Nf6 5. e5 d5 6. Bb5 Ne4 7. Nxd4 Bd7 8.
Bxc6 bxc6 9. O-O Bc5 10. Qd3 Bb6 11. Nc3 Nxc3 12. Qxc3 c5 13. Nb3 Qe7 14. Qg3
O-O 15. Bg5 Qe6 16. Bf6 Qg4 17. Be7 Qxg3 18. hxg3 Rfe8 19. Bxc5 Rxe5 20. Rfe1
Rae8 21. Rxe5 Rxe5 22. Rd1 Ba4 23. Bd4 Bxd4 24. Rxd4 Bxb3 25. axb3 Re1+ 26. Kh2
c6 27. c4 Re2 28. cxd5 cxd5 29. Rxd5 g6 30. f3 Rxb2 1/2-1/2

[Event "Russian Championship (blitz) 2015"]
[Site "St Petersburg RUS"]
[Date "2015.05.15"]
[Round "3"]
[White "Malakhov, Vladimir"]
[Black "Inarkiev, Ernesto"]
[Result "1/2-1/2"]
[WhiteElo "2702"]
[BlackElo "2664"]
[PlyCount "146"]
[EventDate "2015.05.15"]

1. Nf3 d5 2. g3 g6 3. c4 dxc4 4. Qa4+ Nc6 5. Qxc4 e5 6. Bg2 Bg7 7. O-O Nge7 8.
d3 O-O 9. Nc3 h6 10. Be3 Be6 11. Qa4 Nd4 12. Rac1 c6 13. Rfe1 Nef5 14. Bd2
Nxf3+ 15. Bxf3 Nd4 16. Bg2 Qd7 17. Ne4 Qc7 18. Nc5 Bg4 19. f3 Bc8 20. Be3 a5
21. Bf2 b6 22. Nb3 c5 23. Nxd4 exd4 24. f4 Bb7 25. Bf3 Rfe8 26. Kg2 Rad8 27. a3
Qd7 28. Qxd7 Rxd7 29. a4 Rde7 30. Bxb7 Rxb7 31. Kf3 Bf8 32. Rc2 f5 33. e4 dxe3
34. Rxe3 Rxe3+ 35. Bxe3 Rd7 36. Ke2 Bg7 37. b3 Kf7 38. Rd2 Ke6 39. Rd1 Kd5 40.
Kf3 Re7 41. h3 Bd4 42. Bd2 h5 43. Re1 Rxe1 44. Bxe1 Bb2 45. Bf2 Bc3 46. Ke2 Kc6
47. Kd1 Kd5 48. Ke2 Kc6 49. Kd1 Kd6 50. Ke2 Kd5 51. Kf3 Kc6 52. Ke2 b5 53.
axb5+ Kxb5 54. Kd1 Bd4 55. Be1 Bg1 56. h4 Bd4 57. Kc2 Bf6 58. Kd1 Bb2 59. Kc2
Ba3 60. Bf2 Bb4 61. Kd1 Bc3 62. Kc2 Bb4 63. Kd1 Kc6 64. Kc2 Kd5 65. Kd1 Kc6 66.
Kc2 Kb5 67. Kd1 a4 68. bxa4+ Kxa4 69. Kc2 Ka3 70. Be3 Ka2 71. Bf2 Ka3 72. Be3
Ka4 73. Bf2 Kb5 1/2-1/2

[Event "Russian Championship (blitz) 2015"]
[Site "St Petersburg RUS"]
[Date "2015.05.15"]
[Round "4"]
[White "Popov, Valerij"]
[Black "Malakhov, Vladimir"]
[Result "1/2-1/2"]
[WhiteElo "2555"]
[BlackElo "2702"]
[PlyCount "77"]
[EventDate "2015.05.15"]

1. e4 e5 2. Bc4 Nf6 3. d3 Nc6 4. a3 Be7 5. Nc3 O-O 6. f4 d6 7. Nf3 exf4 8. Bxf4
Be6 9. Nd5 Bxd5 10. exd5 Ne5 11. Nxe5 dxe5 12. Bxe5 Re8 13. O-O Bc5+ 14. d4
Rxe5 15. dxc5 Nxd5 16. Qd4 Qg5 17. Rae1 Rae8 18. Bxd5 Rxe1 19. Bxf7+ Kf8 20.
Bxe8+ Rxf1+ 21. Kxf1 Qc1+ 22. Ke2 Qxc2+ 23. Kf3 Kxe8 24. Qe4+ Qxe4+ 25. Kxe4
Kd7 26. Kd5 Ke7 27. c6 b6 28. Ke5 Kf7 29. g4 a6 30. h4 Ke7 31. h5 Kf7 32. Kf5
Ke7 33. g5 Kd6 34. b4 Ke7 35. a4 Kd6 36. b5 axb5 37. axb5 Ke7 38. Ke5 g6 39. h6
1/2-1/2

[Event "Russian Championship (blitz) 2015"]
[Site "St Petersburg RUS"]
[Date "2015.05.15"]
[Round "5"]
[White "Malakhov, Vladimir"]
[Black "Alekseev, Evgeny"]
[Result "1/2-1/2"]
[WhiteElo "2702"]
[BlackElo "2653"]
[PlyCount "85"]
[EventDate "2015.05.15"]

1. Nf3 c5 2. c4 Nc6 3. d4 cxd4 4. Nxd4 e6 5. Nc3 Nf6 6. a3 d5 7. cxd5 exd5 8.
g3 Bc5 9. Be3 Bb6 10. Bg2 O-O 11. O-O Re8 12. h3 Be6 13. Na4 Bxd4 14. Bxd4 Ne4
15. Nc3 Qd7 16. Kh2 Bf5 17. e3 Rac8 18. Rc1 Rcd8 19. Ne2 Ng5 20. Nf4 Be4 21. f3
Bg6 22. Qd2 Ne6 23. Nxe6 Qxe6 24. Rfe1 h6 25. Qc3 f6 26. b4 a6 27. a4 Rc8 28.
Qd2 Ne5 29. Bxe5 fxe5 30. f4 Be4 31. Bxe4 dxe4 32. Rxc8 Rxc8 33. Rc1 Rxc1 34.
Qxc1 Qa2+ 35. Kg1 exf4 36. gxf4 Qd5 37. a5 Kh7 38. Qc2 Kg6 39. Kf2 Kf5 40. Qc8+
Kf6 41. Qc3+ Kg6 42. Qc2 Kf5 43. Qc8+ 1/2-1/2

[Event "Russian Championship (blitz) 2015"]
[Site "St Petersburg RUS"]
[Date "2015.05.15"]
[Round "6"]
[White "Goganov, Aleksey"]
[Black "Malakhov, Vladimir"]
[Result "1-0"]
[WhiteElo "2609"]
[BlackElo "2702"]
[PlyCount "101"]
[EventDate "2015.05.15"]

1. Nf3 d5 2. g3 c6 3. Bg2 Bg4 4. c4 e6 5. O-O Nd7 6. cxd5 exd5 7. d3 Ngf6 8. e4
Be7 9. Qc2 O-O 10. Nc3 Nc5 11. h3 dxe4 12. dxe4 Bxf3 13. Bxf3 Qd3 14. Qxd3 Nxd3
15. Be2 Nxc1 16. Raxc1 Rad8 17. Rfd1 Bb4 18. e5 Bxc3 19. bxc3 Nd7 20. f4 Nc5
21. Rd4 Ne6 22. Rdd1 Rfe8 23. Bc4 Nc5 24. Rd4 Kf8 25. Rcd1 Rxd4 26. cxd4 Rd8
27. Kg2 Na4 28. Bb3 Nc3 29. Rd3 Nd5 30. Kf3 a5 31. Ke4 Ke7 32. f5 b5 33. g4 b4
34. g5 Nc3+ 35. Kf3 f6 36. exf6+ gxf6 37. g6 hxg6 38. fxg6 Kf8 39. h4 Kg7 40.
h5 a4 41. Bc4 a3 42. Re3 Rd7 43. Re8 Nd5 44. Bxd5 Rxd5 45. Re7+ Kf8 46. Rf7+
Kg8 47. h6 Rd8 48. h7+ Kh8 49. g7+ Kxh7 50. Rf8 Kxg7 51. Rxd8 1-0

[Event "Russian Championship (blitz) 2015"]
[Site "St Petersburg RUS"]
[Date "2015.05.15"]
[Round "10"]
[White "Shimanov, Aleksandr"]
[Black "Malakhov, Vladimir"]
[Result "1-0"]
[WhiteElo "2606"]
[BlackElo "2702"]
[PlyCount "132"]
[EventDate "2015.05.15"]

1. d4 g6 2. e4 Bg7 3. Nf3 d6 4. Be2 Nf6 5. Nc3 a6 6. a4 O-O 7. O-O Nc6 8. h3 e5
9. Be3 exd4 10. Nxd4 Re8 11. f3 d5 12. Nxc6 bxc6 13. Bg5 Rb8 14. Rb1 h6 15. Bh4
Qd6 16. Bd3 Nd7 17. Re1 Nc5 18. exd5 Rxe1+ 19. Qxe1 Nxd3 20. cxd3 cxd5 21. Qe8+
Kh7 22. Ne2 Qe6 23. Qxe6 Bxe6 24. b3 c5 25. Bg3 Rb7 26. Be1 Bf5 27. Nf4 c4 28.
b4 Bd4+ 29. Kh1 c3 30. g4 Bd7 31. Ne2 Be3 32. Nxc3 d4 33. Ne4 Bxa4 34. Nc5 Bc6
35. Nxb7 Bxf3+ 36. Kh2 Bxb7 37. Kg3 Bc6 38. Bf2 Bb5 39. Bxe3 dxe3 40. Rb3 f5
41. gxf5 gxf5 42. d4 e2 43. Re3 Kg6 44. Kf4 Bc4 45. Re5 Bd3 46. Re3 Bc4 47. Re5
Bd3 48. Re3 Bc4 49. Kf3 Kg5 50. Re5 Kf6 51. Kf2 Bb5 52. h4 h5 53. Kf3 Bc4 54.
Kf4 Bd3 55. Re3 Bc4 56. Kf3 Kf7 57. Kg3 Kf6 58. Kf4 Bd3 59. d5 Be4 60. d6 Ke6
61. Rxe2 Kxd6 62. Ra2 Kc6 63. Rxa6+ Kb5 64. Rh6 Kxb4 65. Rxh5 Kc5 66. Rh6 Kd5
1-0